20 Größte Seen Deutschlands Quiz - Statistiken

Allgemein
  • Dieses Quiz wurde 567 mal gespielt
  • Das Durchschnittsergebnis liegt bei 6 aus 20
Antwortstatistiken
Fläche Bundesland Antwort % Korrekt
536 km² Baden Württemberg, Bayern Bodensee
98%
79 km² Bayern Chiemsee
84%
112 km² Mecklenburg-Vorpommern Müritz
72%
56 km² Bayern Starnberger See
66%
46 km² Bayern Ammersee
47%
29 km² Niedersachsen Steinhuder Meer
46%
61 km² Mecklenburg-Vorpommern Schweriner See
34%
28 km² Schleswig-Holstein Großer Plöner See
30%
38 km² Mecklenburg-Vorpommern Plauer See
21%
16 km² Bayern Walchensee
19%
32 km² Mecklenburg-Vorpommern Kummerower See
14%
15 km² Bayern Forggensee
12%
23 km² Schleswig-Holstein Schaalsee
11%
21 km² Schleswig-Holstein Selenter See
10%
17 km² Mecklenburg-Vorpommern Tollensesee
10%
18 km² Sachsen-Anhalt Geiseltalsee
6%
15 km² Mecklenburg-Vorpommern Krakower See
6%
14 km² Mecklenburg-Vorpommern Malchiner See
6%
13 km² Sachsen-Anhalt Großer Goitzschesee
5%
20 km² Mecklenburg-Vorpommern Kölpinsee
5%
Keine übereinstimmenden Quizze gefunden
Verteilung der Resultate
Anzahl Personen mit jedem Resultat
Perzentil nach korrekt beantworteten Fragen
Ihre Resultats-Entwicklung
Sie haben dieses Quiz noch nicht gespielt